000 01233nas a2200325 4500
001 BR2015004624
003 BR-BrBNA
005 20231205125636.0
007 ta
008 230509b bl.|||p| |||| 00| 00por d
040 _aBR-BrBNA
_bpor
_cBiblioteca Nacional de Agricultura
041 _a(Pt)
072 _aF02
100 1 _aAloufa, M.
100 1 _aCâmara, M.
100 1 _aSousa, E.
100 1 _aSilva, K.
100 1 _aLima, J. de
100 1 _aLima, S. de
100 1 _aCavalcanti, L.L.
111 1 _a16° Congresso Brasileiro de Floricultura e Plantas Ornamentais; 3° Congresso Brasileiro de Cultura de Tecidos de Plantas; 1° Simpósio de Plantas Ornamentais Nativas
_cGoiânia, GO (Brazil)
_d10-15 Sep 2007
245 1 _aEstudo comparativo da indução de calogênese em três genótipos de algodão herbáceo (Gossypium hirsutum L.)- CNPA 8H, CNPA 96117 e CNPA 981004
650 _aPROPAGAÇÃO VEGETATIVA
650 _aCULTURA IN VITRO
650 _aVARIEDADE
650 _aREGENERAÇÃO
773 0 _tRevista Brasileira de Horticultura Ornamental (Brazil)
_xISSN 1809-6093
_g(Sep 2007), v. 13(Suplemento) p. 1206
_wBR2015004624
909 _a202311
_bLúcia
_c55
_dLúcia Elande
942 _2AGRIS
_n0
_cANA
999 _c245332
_d245332